000 00480nam a2200181Ia 4500
008 151202s9999||||xx |||||||||||||| ||und||
082 _bPNVM-20579
100 _aशेळके उद्धव.
245 _aप्रेमिक.
260 _b---
260 _c0
300 _a0
600 _aशेळके उद्धव.
630 _aप्रेमिक.
700 _aशेळके उद्धव.
730 _aप्रेमिक.
942 _cBOOK
999 _c1286558
_d1286555